<?xml version="1.0" encoding="UTF-8"?>
<collection xmlns="http://www.loc.gov/MARC21/slim">
 <record>
  <leader>01656nam a2200193Ia 4500</leader>
  <controlfield tag="001">CTU_123146</controlfield>
  <controlfield tag="008">210402s9999    xx            000 0 und d</controlfield>
  <datafield tag="082" ind1=" " ind2=" ">
   <subfield code="a">341.23</subfield>
  </datafield>
  <datafield tag="082" ind1=" " ind2=" ">
   <subfield code="b">C536</subfield>
  </datafield>
  <datafield tag="100" ind1=" " ind2=" ">
   <subfield code="a">Childers, Erskine</subfield>
  </datafield>
  <datafield tag="245" ind1=" " ind2="0">
   <subfield code="a">Renewing the United Nations system</subfield>
  </datafield>
  <datafield tag="245" ind1=" " ind2="0">
   <subfield code="c">Erskine Childers, Brian Urquhart</subfield>
  </datafield>
  <datafield tag="260" ind1=" " ind2=" ">
   <subfield code="a">Sweden</subfield>
  </datafield>
  <datafield tag="260" ind1=" " ind2=" ">
   <subfield code="b">Dag Hammarsk Jold Foundation</subfield>
  </datafield>
  <datafield tag="260" ind1=" " ind2=" ">
   <subfield code="c">1994</subfield>
  </datafield>
  <datafield tag="520" ind1=" " ind2=" ">
   <subfield code="a">The purpose of this book is to identify the most important improvements needed to make what is supposed to be a system actually function as a system. The study proceeded from the premise that what will ultimately be needed, major constitutional transformation of the disparate elements into an integrated UN, is not attainable now. The study therefore addresses less radical alternatives, most of which are the irreducible minimum needed to enable the system to face the enormous challenges which now confront it. The study takes account of the many highly qualified commentators from many different cultures who have made proposals for improvement and restructuring. The main text of the study is intended for a wide readership of those who are interested in international organization and in the strengthening of the international system. Some entirely new features are proposed, including an Executive Committee for the system, a UN Parliamentary Assembly and a UN Council on Diversity, Representation and Governance. Also urged is extensive decentralization from global headquarters into the various regions of the world.</subfield>
  </datafield>
  <datafield tag="650" ind1=" " ind2=" ">
   <subfield code="a">United Nations</subfield>
  </datafield>
  <datafield tag="904" ind1=" " ind2=" ">
   <subfield code="i">M.Loan, H. Mai</subfield>
  </datafield>
  <datafield tag="980" ind1=" " ind2=" ">
   <subfield code="a">Trung tâm Học liệu Trường Đại học Cần Thơ</subfield>
  </datafield>
 </record>
</collection>
